| 000 | 00472nam a2200193 a 4500 | ||
|---|---|---|---|
| 001 | 11535 | ||
| 003 | CO-ViMGA | ||
| 008 | 141112s2004 ck r 000 u spa d | ||
| 020 | _a8401491363 | ||
| 040 |
_aCO-ViMGA _bspa _cCO-ViMGA |
||
| 082 | 0 | 4 | _a813.5 A74r2 |
| 100 | 1 |
_aAsimov, Isaac _916044 |
|
| 245 | 1 | 0 | _aEl Robot Humano |
| 250 | _a3 | ||
| 260 |
_aBarcelona, _cPlaza y janes, _c1998 |
||
| 300 | _a253 p. | ||
| 650 | 1 | 4 |
_aNOVELA ESTADOUNIDENSE _9761 |
| 942 |
_2ddc _cBK |
||
| 999 |
_c22730 _d22730 |
||